U.K. baby names 2009 Quiz Stats

 Plays Quiz not verified by Sporcle

Score 0/40 Timer 07:00
0 Plays Today
Rank Name % Correct
8William
78.4%
9James
78.2%
4Emily
76.4%
1Olivia
73%
2Jack
72.1%
3Harry
71.8%
10Daniel
70.3%
6Thomas
68.5%
1Oliver
66.2%
3Chloe
59.7%
18Jacob
59.5%
6Jessica
58.3%
5Joshua
58.1%
5Sophie
56.8%
12Samuel
56.1%
7Grace
55.4%
15Isabella
54.1%
11George
52%
13Ella
52%
14Joseph
51.1%
Rank Name % Correct
8Lily
51.1%
7Charlie
50%
12Ava
48.4%
15Benjamin
48%
2Ruby
48%
13Ethan
47.5%
16Lucy
45%
4Alfie
43.2%
14Charlotte
42.6%
17Isabelle
41.7%
11Mia
40.1%
9Amelia
36.9%
17Lucas
32.2%
20Megan
31.1%
18Daisy
26.8%
10Evie
25%
20Archie
22.5%
19Dylan
22.3%
19Holly
22.1%
16Mohammed
17.6%

You're not logged in!

Compare scores with friends on all Sporcle quizzes.
OR
Log In

Show Comments

Extras

Top Quizzes Today


Score Distribution

Your Account Isn't Verified!

In order to create a playlist on Sporcle, you need to verify the email address you used during registration. Go to your Sporcle Settings to finish the process.

Report this User

Report this user for behavior that violates our Community Guidelines.

Details: